奈良県の市町村(1960年) - Statistics

General Stats
  • This quiz has been taken 50 times
  • The average score is 43 of 48
Answer Stats
No. 市町村 備考 % Correct
1 奈良市
100%
2 大和高田市
100%
3 大和郡山市
100%
4 天理市
97%
5 橿原市
97%
7 五條市
97%
36 吉野郡 吉野町
97%
44 吉野郡 十津川村
97%
6 桜井市
95%
8 御所市
95%
12 生駒郡 生駒町 1971年昇格
95%
25 宇陀郡 曽爾村
95%
11 山辺郡 山添村
92%
13 生駒郡 平群村 1971年昇格
92%
15 生駒郡 斑鳩町
92%
16 生駒郡 安堵村 1986年昇格
92%
20 磯城郡 田原本町
92%
21 宇陀郡 大宇陀町 2006年消滅
92%
26 宇陀郡 御杖村
92%
28 高市郡 明日香村
92%
31 北葛城郡 香芝町 1991年昇格
92%
39 吉野郡 黒滝村
92%
42 吉野郡 野迫川村
92%
43 吉野郡 大塔村 2005年消滅
92%
45 吉野郡 下北山村
92%
46 吉野郡 上北山村
92%
47 吉野郡 川上村
92%
48 吉野郡 東吉野村
92%
14 生駒郡 三郷村 1966年昇格
89%
23 宇陀郡 榛原町 2006年消滅
89%
32 北葛城郡 上牧村 1972年昇格
89%
33 北葛城郡 王寺町
89%
37 吉野郡 大淀町
89%
38 吉野郡 下市町
89%
40 吉野郡 西吉野村 2005年消滅
89%
41 吉野郡 天川村
89%
19 磯城郡 三宅村 1974年昇格
87%
27 高市郡 高取町
87%
35 北葛城郡 河合村 1971年昇格
87%
10 山辺郡 都祁村 1991年改称
84%
18 磯城郡 川西村 1975年昇格
84%
29 北葛城郡 新庄町 2004年消滅
84%
34 北葛城郡 広陵町
84%
22 宇陀郡 菟田野町 2006年消滅
82%
24 宇陀郡 室生村 2006年消滅
82%
30 北葛城郡 當麻村 1966年昇格
82%
9 添上郡 月瀬村 1968年改称
61%
17 磯城郡 大三輪町 1963年消滅
53%
No matching quizzes found
Score Distribution
Percent of People with Each Score
Percentile by Number Answered
Your Score History
You have not taken this quiz